Piłka nożna - wszystkie drużyny w Ekstraklasie w sezonie 25/26 - Statystyki

Ogólne statystyki
  • Ten quiz został rozwiązany 111 razy
  • Średni wynik to 14 z 18
Statystyki odpowiedzi
Odpowiedź % Poprawnych
Lech Poznań
99%
Legia Warszawa
98%
Arka Gdynia
88%
Lechia Gdańsk
86%
Raków Częstochowa
86%
Pogoń Szczecin
84%
Jagiellonia Białystok
83%
Motor Lublin
80%
Widzew Łódź
78%
Wisła Płock
78%
Cracovia
77%
GKS Katowice
77%
Górnik Zabrze
75%
Piast Gliwice
71%
Zagłębie Lubin
71%
Korona Kielce
68%
Radomiak Radom
68%
Bruk-Bet Termalica Nieciecza
55%
Nie znaleziono quizów pasujących do podanych kryteriów
Rozkład punktacji
Procent ludzi z każdym wynikiem
Percentyl według liczby udzielonych odpowiedzi
Twoja historia wyników
Nie rozwiązałeś tego quizu